[Event "Brasileiro de Jovens 2012 - Absoluto"]
[Site "Sao Paulo"]
[Date "2012.02.18"]
[Round "1.1"]
[White "Evangelista Jr, Ademar Pereira"]
[Black "Bueno, Alfeu Junior Varela"]
[Result "0-1"]
[WhiteElo "1921"]
[BlackElo "2305"]
[PlyCount "62"]
[EventDate "2012.02.18"]

1. e4 e6 2. d4 d5 3. Nc3 Nf6 4. e5 Nfd7 5. f4 c5 6. Nf3 Nc6 7. Be3 cxd4 8. Nxd4
Bc5 9. Qd2 O-O 10. O-O-O a6 11. h4 Nxd4 12. Bxd4 b5 13. g4 b4 14. Ne2 a5 15.
Qe3 Qc7 16. Bxc5 Nxc5 17. Nd4 a4 18. Kb1 a3 19. b3 Ne4 20. Nb5 Qc6 21. Bd3 Nc3+
22. Nxc3 Qxc3 23. Qc1 f6 24. Rh3 Kh8 25. Bf1 Qc5 26. Re1 fxe5 27. Rxe5 Qf2 28.
Bd3 Qxf4 29. Rh5 h6 30. Qxf4 Rxf4 31. Re3 Rxg4 0-1

[Event "Brasileiro de Jovens 2012 - Absoluto"]
[Site "Sao Paulo"]
[Date "2012.02.18"]
[Round "1.2"]
[White "Quintiliano Pinto, Renato R"]
[Black "Cirilo, Guilherme De Araujo"]
[Result "1-0"]
[WhiteElo "2263"]
[BlackElo "1920"]
[PlyCount "79"]
[EventDate "2012.02.18"]

1. d4 d5 2. Nf3 Nf6 3. c4 e6 4. g3 dxc4 5. Bg2 c5 6. Qa4+ Nbd7 7. O-O cxd4 8.
Nxd4 Bc5 9. Qxc4 O-O 10. Nb3 Be7 11. Rd1 Rb8 12. Qc2 e5 13. N1d2 b6 14. Nc4 Qc7
15. Bg5 Ba6 16. Ne3 Qxc2 17. Nxc2 Rfd8 18. Rd2 h6 19. Be3 Nf8 20. Kf1 Rxd2 21.
Bxd2 Bb7 22. Bc3 Bxg2+ 23. Kxg2 Rc8 24. Ne3 Bd6 25. Nf5 Ne4 26. Bxe5 Bc5 27.
Rc1 Re8 28. Bxg7 Bxf2 29. Bxh6 Ng6 30. Rc7 Re5 31. Nbd4 Rd5 32. e3 Be1 33. h4
Ra5 34. h5 Rxa2 35. hxg6 Rxb2+ 36. Kf3 fxg6 37. Rg7+ Kh8 38. Ne7 Rf2+ 39. Kxe4
Rf6 40. Nf3 1-0

[Event "Brasileiro de Jovens 2012 - Absoluto"]
[Site "Sao Paulo"]
[Date "2012.02.18"]
[Round "1.3"]
[White "Araujo, Renan Aparecido"]
[Black "Feliciano Ebert, Vanessa"]
[Result "0-1"]
[WhiteElo "1918"]
[BlackElo "2194"]
[PlyCount "75"]
[EventDate "2012.02.18"]

1. Nf3 d5 2. d4 Nf6 3. c4 c6 4. Nc3 e6 5. Bg5 dxc4 6. e4 b5 7. e5 h6 8. Bh4 g5
9. Nxg5 hxg5 10. Bxg5 Nbd7 11. g3 Bb7 12. Bg2 Qb6 13. exf6 c5 14. d5 O-O-O 15.
O-O b4 16. Na4 Qa6 17. a3 Bxd5 18. Bxd5 Ne5 19. axb4 Rxd5 20. Qe2 cxb4 21. Be3
Qc6 22. f4 Nd3 23. Bxa7 Ra5 24. Nb6+ Kb7 25. Rxa5 Bc5+ 26. Rxc5 Qxc5+ 27. Kg2
Kxa7 28. Nxc4 Qxc4 29. Ra1+ Kb7 30. Qe3 Qc2+ 31. Kf3 Qc6+ 32. Qe4 Qxe4+ 33.
Kxe4 Nxb2 34. h4 Rd8 35. Ra5 Kb6 36. Rg5 b3 37. Rg7 Nc4 38. Rxf7 0-1

[Event "Brasileiro de Jovens 2012 - Absoluto"]
[Site "Sao Paulo"]
[Date "2012.02.18"]
[Round "1.4"]
[White "Mendonca, Mateus Nakajo"]
[Black "Rogani, Bruno"]
[Result "1-0"]
[WhiteElo "2158"]
[BlackElo "1918"]
[PlyCount "89"]
[EventDate "2012.02.18"]

1. e4 e5 2. Nf3 Nc6 3. Bb5 a6 4. Ba4 Nf6 5. O-O Be7 6. Re1 b5 7. Bb3 O-O 8. c3
d6 9. h3 Na5 10. Bc2 c5 11. d4 cxd4 12. cxd4 Qc7 13. Nc3 Be6 14. d5 Bd7 15. Ne2
Rfc8 16. Bd3 Nc4 17. g4 g6 18. Ng3 Ne8 19. Qe2 Qd8 20. Kh2 Ng7 21. Rg1 Kh8 22.
Bh6 Rab8 23. Rg2 a5 24. Nf5 Bxf5 25. gxf5 Nh5 26. Ng5 Qe8 27. fxg6 hxg6 28. Nf3
Bf8 29. Bc1 a4 {(=)} 30. Rg4 Be7 31. b3 Na5 32. Qd2 Nf4 33. Rxf4 exf4 34. Bb2+
f6 35. Qxa5 axb3 36. axb3 Ra8 37. Qxb5 Qxb5 38. Bxb5 Rab8 39. Nd4 Kg8 40. Nc6
Rxc6 41. dxc6 Bd8 42. Bc4+ Kf8 43. Ra7 Rc8 44. Bd5 Bb6 45. Rf7+ 1-0

[Event "Brasileiro de Jovens 2012 - Absoluto"]
[Site "Sao Paulo"]
[Date "2012.02.18"]
[Round "1.5"]
[White "Roverso, Leandro"]
[Black "Cruz, William Ferreira Da"]
[Result "1-0"]
[WhiteElo "1913"]
[BlackElo "2152"]
[PlyCount "159"]
[EventDate "2012.02.18"]

1. e4 e6 2. d4 d5 3. Nd2 Nf6 4. e5 Nfd7 5. Bd3 c5 6. c3 Nc6 7. Ne2 cxd4 8. cxd4
f6 9. Nf4 Nxd4 10. Qh5+ Ke7 11. Ng6+ hxg6 12. exf6+ Nxf6 13. Qxh8 Kf7 14. O-O
e5 15. Nb3 Nxb3 16. axb3 Bf5 17. Bxf5 gxf5 18. Bg5 Qb6 19. Qh3 Kg6 20. Be3 d4
21. Qg3+ Kf7 22. Bd2 Qe6 23. Qd3 Bd6 24. f4 Ne4 25. fxe5 Bxe5 26. Rxf5+ Qxf5
27. Rf1 Qxf1+ 28. Qxf1+ Bf6 29. Qc4+ Kg6 30. Qe2 {(=)} Nxd2 31. Qxd2 Re8 32.
Qd3+ Kf7 33. Qc4+ Kf8 34. Qc5+ Re7 35. Qc8+ Kf7 36. Qc4+ Kf8 37. Qd3 Kf7 38.
Qc4+ Kg6 39. Qd3+ Kg5 40. h4+ Kxh4 41. Qf5 Re3 42. Kf2 Be5 43. g4 Bg3+ 44. Kg2
Re2+ 45. Kh1 Re1+ 46. Kg2 Re2+ 47. Kh1 Re5 48. Qh7+ Kxg4 49. Qxg7+ Kf4 50. Qf6+
Ke3 51. Qf1 d3 52. Kg2 Rg5 53. Qc1+ d2 54. Qc3+ Ke4 55. Qc4+ Ke3 56. Qc3+ Ke4
57. Qc4+ Kf5 58. Qd5+ Kg6 59. Qg8+ Kf6 60. Qf8+ Ke6 61. Qe8+ Kd5 62. Qb5+ Kd6
63. Qxg5 Be1 64. Qd8+ Kc5 65. Kf3 Kb4 66. Qd3 b5 67. Ke4 Kc5 68. Ke5 Kc6 69.
Ke6 Kb6 70. b4 d1=Q 71. Qxd1 Bxb4 72. Kd7 Bc5 73. Kc8 Ka5 74. Kb7 Kb4 75. Ka6
Bb6 76. Qd3 Kc5 77. Qxb5+ Kd4 78. Kb7 Ke3 79. Qc4 Kd2 80. b4 1-0

[Event "Brasileiro de Jovens 2012 - Absoluto"]
[Site "Sao Paulo"]
[Date "2012.02.18"]
[Round "1.6"]
[White "Mandetta, Joao Danilo"]
[Black "Araujo, Leonardo Augusto De"]
[Result "1-0"]
[WhiteElo "2141"]
[BlackElo "1906"]
[PlyCount "49"]
[EventDate "2012.02.18"]

1. g3 Nf6 2. Bg2 e6 3. c4 Nc6 4. Nf3 Be7 5. b3 d6 6. d4 O-O 7. Bb2 Re8 8. O-O
Nd7 9. e4 e5 10. d5 Ncb8 11. Ne1 a5 12. Nc3 Na6 13. a3 b6 14. b4 Bf6 15. Nd3 g6
16. f4 exf4 17. gxf4 Bg7 18. Qb3 Qh4 19. Nb5 Bxb2 20. Qxb2 Bb7 21. bxa5 Qg4 22.
Rae1 Nac5 23. Nxc5 Nxc5 24. Nxc7 Nd3 25. Qe2 1-0

[Event "Brasileiro de Jovens 2012 - Absoluto"]
[Site "Sao Paulo"]
[Date "2012.02.18"]
[Round "1.7"]
[White "Rodrigues, Fernanda Dos Santos"]
[Black "Rodrigues, Tiago Pereira"]
[Result "0-1"]
[WhiteElo "1902"]
[BlackElo "2119"]
[PlyCount "82"]
[EventDate "2012.02.18"]

1. d4 Nf6 2. c4 c5 3. d5 e5 4. Nc3 d6 5. Qc2 Nbd7 6. a3 Be7 7. e4 a6 8. f4 exf4
9. Bxf4 O-O 10. Nf3 Ng4 11. Bd3 Nde5 12. O-O Bf6 13. Nxe5 Nxe5 14. Be2 Bd7 15.
Nd1 b5 16. Ne3 g6 17. Rab1 Rb8 18. b4 Rc8 19. cxb5 axb5 20. bxc5 Rxc5 21. Qd2
Bg7 22. Rb3 Qe7 23. Rb4 Ra8 24. Qa2 Rac8 25. Qb1 Nc4 26. Bxc4 bxc4 27. Rb6 Be5
28. Bxe5 Qxe5 29. Rb7 R5c7 30. Rxc7 Rxc7 31. Qb8+ Rc8 32. Qb7 Qe8 33. Qb1 c3
34. Rf2 h5 35. Qd3 Bb5 36. Qd4 Qe5 37. Qa7 Be8 38. Qa6 Rc5 39. Qd3 Bb5 40. Qb1
Qd4 41. a4 Qxe3 0-1

[Event "Brasileiro de Jovens 2012 - Absoluto"]
[Site "Sao Paulo"]
[Date "2012.02.18"]
[Round "1.8"]
[White "Pirola, Claudionor Alcides"]
[Black "Awoki, Daniel Teidi"]
[Result "1-0"]
[WhiteElo "2101"]
[BlackElo "1900"]
[PlyCount "39"]
[EventDate "2012.02.18"]

1. d4 d5 2. c4 dxc4 3. Nf3 Nf6 4. e3 e6 5. Bxc4 a6 6. a4 c5 7. O-O Nc6 8. Nc3
Be7 9. Qe2 O-O 10. Rd1 Qc7 11. e4 cxd4 12. Nxd4 Nxd4 13. Rxd4 Ng4 14. Qxg4 e5
15. Qg3 Bh4 16. Nd5 Qa5 17. Qxh4 Qe1+ 18. Bf1 exd4 19. Bh6 Qa5 20. Qg5 1-0

[Event "Brasileiro de Jovens 2012 - Absoluto"]
[Site "Sao Paulo"]
[Date "2012.02.18"]
[Round "1.9"]
[White "Pinto, Rendrex Lopes"]
[Black "Brandao, Renan Alves"]
[Result "1-0"]
[WhiteElo "1890"]
[BlackElo "2096"]
[PlyCount "97"]
[EventDate "2012.02.18"]

1. Nf3 Nf6 2. b3 c5 3. Bb2 e6 4. e3 b6 5. d4 Bb7 6. Nbd2 Be7 7. Bd3 O-O 8. O-O
Nc6 9. a3 d6 10. Re1 Rc8 11. c4 Rc7 12. Qc2 cxd4 13. exd4 d5 14. Rad1 h6 15. c5
Nb8 16. b4 a5 17. Ne5 axb4 18. axb4 bxc5 19. dxc5 Ba6 20. Bxa6 Nxa6 21. Qa4 Qc8
22. Ra1 Nb8 23. Bd4 Nfd7 24. Rec1 Bg5 25. Rc2 Bxd2 26. Rxd2 Nxe5 27. Bxe5 Rb7
28. Bd6 Rd8 29. b5 Rxd6 30. cxd6 Qd7 31. Rb2 Qxd6 32. Rc1 Nd7 33. Qa8+ Rb8 34.
Rc8+ Rxc8 35. Qxc8+ Kh7 36. Qc6 Qe5 37. Rb1 Qf5 38. Rc1 Ne5 39. Qc2 Qxc2 40.
Rxc2 Nc4 41. Kf1 Na3 42. b6 Nxc2 43. b7 Nd4 44. b8=Q Nf5 45. g4 Nh4 46. Qf4 f6
47. Qd6 e5 48. Qxd5 Ng6 49. Qe4 1-0

[Event "Brasileiro de Jovens 2012 - Absoluto"]
[Site "Sao Paulo"]
[Date "2012.02.18"]
[Round "1.10"]
[White "Barbosa, Fernando"]
[Black "Pereira, Andre Marques"]
[Result "1-0"]
[WhiteElo "2086"]
[BlackElo "1867"]
[PlyCount "83"]
[EventDate "2012.02.18"]

1. e4 e6 2. d4 d5 3. e5 c5 4. c3 a6 5. Nf3 cxd4 6. cxd4 Bb4+ 7. Bd2 Bxd2+ 8.
Qxd2 Nc6 9. Nc3 Nge7 10. Bd3 h6 11. O-O Bd7 12. Rac1 Qa5 13. Bb1 Rc8 14. Rfd1
Na7 15. Bd3 Nac6 16. h3 Qb4 17. a3 Qa5 18. Qf4 b5 19. Qg4 g6 20. Qf4 Nf5 21.
Bf1 Nce7 22. g4 g5 23. Qd2 Ng7 24. Nxb5 Rxc1 25. Nd6+ Kf8 26. Qxa5 Rxd1 27.
Qd8+ Be8 28. Kg2 Nc6 29. Qc7 Rc1 30. Bxa6 Kg8 31. b4 Rc2 32. Qb6 Ne7 33. b5 Kh7
34. Qa7 Ng6 35. b6 Nf4+ 36. Kg3 Rc1 37. h4 Rh1 38. hxg5 hxg5 39. Nxg5+ Kg6 40.
Kxf4 Rd1 41. b7 Rh2 42. f3 1-0

[Event "Brasileiro de Jovens 2012 - Absoluto"]
[Site "Sao Paulo"]
[Date "2012.02.18"]
[Round "1.11"]
[White "Takeda, Lucas Koji"]
[Black "Rodrigues, Bruno Morado"]
[Result "1-0"]
[WhiteElo "1862"]
[BlackElo "2066"]
[PlyCount "57"]
[EventDate "2012.02.18"]

1. d4 d5 2. Nf3 Nf6 3. c4 dxc4 4. Nc3 a6 5. a4 Nc6 6. e4 Na5 7. Ne5 e6 8. Nxc4
c5 9. Be3 Nxc4 10. Bxc4 Qa5 11. O-O Be7 12. d5 exd5 13. exd5 Bg4 14. f3 Bf5 15.
Qe2 O-O 16. Rfd1 Bd6 17. Bd3 Bxd3 18. Qxd3 Rfe8 19. Bg5 Be5 20. Rac1 Bd4+ 21.
Kh1 Rad8 22. Bxf6 Bxf6 23. Ne4 Bd4 24. Qb3 Rd7 25. d6 b5 26. axb5 axb5 27. Qd5
Red8 28. Nxc5 Rxd6 29. Qxd6 1-0

[Event "Brasileiro de Jovens 2012 - Absoluto"]
[Site "Sao Paulo"]
[Date "2012.02.18"]
[Round "1.12"]
[White "Alvarenga De Carvalho, Miguel A"]
[Black "Silva, Alexandre Freitas S"]
[Result "1-0"]
[WhiteElo "2062"]
[BlackElo "1840"]
[PlyCount "57"]
[EventDate "2012.02.18"]

1. e4 c6 2. d4 d5 3. Nc3 dxe4 4. Nxe4 Bf5 5. Ng3 Bg6 6. Bc4 Nd7 7. N1e2 h6 8.
Nf4 Bh7 9. Qh5 g6 10. Qe2 Nb6 11. Bb3 Nf6 12. O-O Nbd5 13. c4 Nxf4 14. Bxf4 Bg7
15. Rfe1 e6 16. d5 cxd5 17. cxd5 Nxd5 18. Bxd5 Qxd5 19. Red1 Qa5 20. Bd6 Rd8
21. Ne4 g5 22. b4 Qa6 23. b5 Qa4 24. Nc5 Qc2 25. Rd2 Qc3 26. Nb3 Qc8 27. Rc1
Qa8 28. Rc7 Rd7 29. Rxd7 1-0

[Event "Brasileiro de Jovens 2012 - Absoluto"]
[Site "Sao Paulo"]
[Date "2012.02.18"]
[Round "1.13"]
[White "Goncalves, Leonardo Yamamoto P"]
[Black "Carvalho, Rafael Cunha De"]
[Result "1-0"]
[WhiteElo "1821"]
[BlackElo "2053"]
[PlyCount "79"]
[EventDate "2012.02.18"]

1. e4 d5 2. d3 dxe4 3. dxe4 Qxd1+ 4. Kxd1 Nc6 5. Be3 e5 6. c3 f5 7. f3 fxe4 8.
fxe4 Nf6 9. Nd2 Ng4 10. Nc4 Be6 11. Be2 O-O-O+ 12. Ke1 Nxe3 13. Nxe3 Bc5 14.
Nc4 Rhf8 15. Nf3 Rf4 16. Ncd2 Bg4 17. h3 Bh5 18. Rf1 a5 19. Ng5 Be3 20. Ndf3
Bxf3 21. Rxf3 Rxf3 22. Nxf3 Rd6 23. Rd1 Kd7 24. Bb5 Rxd1+ 25. Kxd1 Kd6 26. Bxc6
bxc6 27. Ke2 Bc1 28. b3 Bf4 29. Kd3 Kc5 30. Ne1 Kb5 31. Nc2 Bc1 32. a4+ Kc5 33.
Ne1 Bf4 34. Nf3 Bc1 35. Nxe5 Bf4 36. Nf3 g6 37. Nd4 Bh6 38. g4 Bc1 39. b4+ Kb6
40. bxa5+ 1-0

[Event "Brasileiro de Jovens 2012 - Absoluto"]
[Site "Sao Paulo"]
[Date "2012.02.18"]
[Round "1.14"]
[White "Abdalla, Jose Lucas Aurelli"]
[Black "Santana, Eduardo Rigonatti"]
[Result "1-0"]
[WhiteElo "2050"]
[BlackElo "1784"]
[PlyCount "115"]
[EventDate "2012.02.18"]

1. e4 Nf6 2. d3 d5 3. Nd2 e5 4. exd5 Qxd5 5. Ngf3 Bc5 6. Be2 O-O 7. O-O Nc6 8.
h3 h6 9. a3 Be6 10. b4 Bd4 11. Nxd4 Nxd4 12. Bb2 Bf5 13. Re1 Rfe8 14. Nf1 Qc6
15. Ne3 Bg6 16. Nc4 Rad8 17. Qc1 b5 18. Ne3 Nd5 19. Bxd4 exd4 20. Nxd5 Qxd5 21.
Bf3 Qd6 22. Qd2 c5 23. a4 a6 24. axb5 axb5 25. Ra5 Qb6 26. Rea1 Rc8 27. Ra6 Qd8
28. Bb7 Rb8 29. Bc6 Re5 30. Ra7 Kh7 31. Rd7 Qc8 32. Qf4 Rf5 33. Qc7 cxb4 34.
Be4 Rc5 35. Bxg6+ Kxg6 36. Qd6+ Kh7 37. Rxf7 Rg5 38. Raa7 Ra8 39. Rac7 Ra1+ 40.
Kh2 Qa8 41. Rc6 Kg8 42. Qe6 Qxc6 43. Rxg7+ Kxg7 44. Qxc6 Rf1 45. Qd6 Rxf2 46.
Qxd4+ Rf6 47. Qxb4 Rfg6 48. Qd4+ Kh7 49. g4 h5 50. Kg3 Kh6 51. Kh4 Rg7 52. Qf6+
R5g6 53. g5+ Kh7 54. Qf5 Kh8 55. Kxh5 Rc6 56. g6 Rcc7 57. Qf8+ Rg8 58. Qh6+ 1-0

[Event "Brasileiro de Jovens 2012 - Absoluto"]
[Site "Sao Paulo"]
[Date "2012.02.18"]
[Round "1.15"]
[White "Bufalo, Alexander Davidson"]
[Black "Saito, Vinicius"]
[Result "1/2-1/2"]
[WhiteElo "1752"]
[BlackElo "2042"]
[PlyCount "84"]
[EventDate "2012.02.18"]

1. d4 Nf6 2. c4 g6 3. Nc3 Bg7 4. e4 d6 5. Nf3 O-O 6. Be2 e5 7. O-O Nc6 8. d5
Ne7 9. Nd2 Nd7 10. b4 a5 11. bxa5 Rxa5 12. Nb3 Ra8 13. Qc2 b6 14. a4 f5 15. Bd2
Nf6 16. f3 Bd7 17. a5 bxa5 18. Nxa5 fxe4 19. Nxe4 Nf5 20. Nb3 Nxe4 21. Rxa8
Qxa8 22. fxe4 Qa7+ 23. c5 Nd4 24. Nxd4 exd4 25. Rc1 dxc5 26. Bd3 Qa3 27. Bf1
Be5 28. Qxc5 Rxf1+ 29. Kxf1 Qd3+ 30. Kg1 Qxd2 31. d6 Qf4 32. Qd5+ Kg7 33. Rxc7
Qxh2+ 34. Kf1 Qf4+ 35. Ke1 Qe3+ 36. Kd1 Qd3+ 37. Kc1 Bf4+ 38. Kb2 Qd2+ 39. Kb1
Qd1+ 40. Kb2 Qd2+ 41. Kb1 Qd1+ 42. Kb2 Qd2+ 1/2-1/2

[Event "Brasileiro de Jovens 2012 - Absoluto"]
[Site "Sao Paulo"]
[Date "2012.02.18"]
[Round "1.16"]
[White "Sztokbant, Bernardo Vainzoff"]
[Black "De Assis, Henrique Zerbini J"]
[Result "1/2-1/2"]
[WhiteElo "2016"]
[BlackElo "1735"]
[PlyCount "158"]
[EventDate "2012.02.18"]

1. e4 c5 2. Nf3 d6 3. d4 cxd4 4. Nxd4 Nf6 5. Nc3 a6 6. Be2 e5 7. Nb3 Be7 8. O-O
O-O 9. a4 Be6 10. f4 Qc7 11. Be3 Nbd7 12. f5 Bc4 13. g4 Nxg4 14. Bxg4 Bxf1 15.
Nd5 Qd8 16. Qxf1 Bg5 17. Qc1 h6 18. Bxg5 Qxg5 19. Qxg5 hxg5 20. Rd1 Rfd8 21.
Be2 Nf6 22. Nb6 Rab8 23. Bf3 g4 24. Bg2 Nd7 25. Nxd7 Rxd7 26. c4 b5 27. axb5
axb5 28. c5 Rbd8 29. c6 Rc7 30. Na5 b4 31. Bf1 Ra8 32. Rd5 f6 33. Rb5 Rca7 34.
Bc4+ Kh7 35. Be6 Kh6 36. Nb7 Ra1+ 37. Kf2 Rc1 38. Na5 Kg5 39. Ke3 Rh8 40. Nc4
Rxh2 41. Rb7 Re1+ 42. Kd3 Kf4 43. c7 Rd1+ 44. Nd2 Rdxd2+ 45. Kc4 Rc2+ 46. Kxb4
g3 47. Bc4 g2 48. c8=Q g1=Q 49. b3 Qe1+ 50. Kb5 Qxe4 51. Qd7 Rxc4 52. bxc4 Rb2+
53. Ka6 Qxc4+ 54. Ka7 Ra2+ 55. Kb8 Qg8+ 56. Kc7 Rc2+ 57. Kb6 Rb2+ 58. Kc7 Rxb7+
59. Kxb7 Qb3+ 60. Ka6 d5 61. Qxg7 Kxf5 62. Qh7+ Ke6 63. Qg8+ Kd6 64. Qf8+ Kc6
65. Qxf6+ Kc5 66. Qe7+ Kd4 67. Qf6 Qa4+ 68. Kb6 Qb4+ 69. Ka6 Qc4+ 70. Kb6 Qc5+
71. Ka6 Qc8+ 72. Kb6 Qb8+ 73. Ka6 Kc5 74. Qf2+ Kd6 75. Qf6+ Kc5 76. Qf2+ Kc6
77. Qc2+ Kd6 78. Qg6+ Kc5 79. Qc2+ Kd6 1/2-1/2

[Event "Brasileiro de Jovens 2012 - Absoluto"]
[Site "Sao Paulo"]
[Date "2012.02.18"]
[Round "1.17"]
[White "Correia, Vitor Paie"]
[Black "Devescovi Parreira, Pedro Paulo"]
[Result "0-1"]
[WhiteElo "1504"]
[BlackElo "2008"]
[PlyCount "54"]
[EventDate "2012.02.18"]

1. e4 c5 2. Nf3 Nc6 3. d4 cxd4 4. Nxd4 Nf6 5. Nc3 e5 6. Ndb5 d6 7. Bc4 a6 8.
Na3 b5 9. Bd5 Bb7 10. Ne2 Nxd5 11. exd5 Ne7 12. O-O Nxd5 13. c4 bxc4 14. Nxc4
Be7 15. b3 O-O 16. Bb2 Rc8 17. Rc1 Qd7 18. Nc3 Nf4 19. Nxe5 Qh3 20. Qg4 Qxg2+
21. Qxg2 Bxg2 22. Nd7 Bxf1 23. Nxf8 Bh3 24. Nxh7 Kxh7 25. Re1 Bf6 26. Re3 Bxc3
27. Bxc3 Rxc3 0-1

[Event "Brasileiro de Jovens 2012 - Absoluto"]
[Site "Sao Paulo"]
[Date "2012.02.18"]
[Round "2.1"]
[White "Bueno, Alfeu Junior Varela"]
[Black "Da Silva Junior, Sediney Mari"]
[Result "1-0"]
[WhiteElo "2305"]
[BlackElo "1962"]
[PlyCount "145"]
[EventDate "2012.02.18"]

1. e4 e6 2. d4 d5 3. Nd2 dxe4 4. Nxe4 Nd7 5. Bd3 Ngf6 6. Qe2 c5 7. Nxf6+ Nxf6
8. dxc5 Bxc5 9. Nf3 Qc7 10. Bg5 Be7 11. O-O-O a6 12. Ne5 Nd5 13. Bxe7 Qxe7 14.
Bc4 Nb6 15. Rd4 Nxc4 16. Nxc4 O-O 17. Qh5 b5 18. Nb6 Rb8 19. Nxc8 Rbxc8 20.
Rhd1 Rc5 21. Qe2 Rfc8 22. Kb1 h6 23. R1d2 Qc7 24. f4 Rc4 25. Qe4 Rxd4 26. Qxd4
Qc6 27. b3 a5 28. a3 Qc5 29. Qxc5 Rxc5 30. Rd8+ Kh7 31. Ra8 g5 32. fxg5 b4 33.
axb4 axb4 34. gxh6 Kxh6 35. Rh8+ Kg7 36. Rb8 Rg5 37. g3 Rg4 38. Rc8 Rg5 39. Kc1
Rf5 40. Rc4 Rb5 41. Kd2 f5 42. Ke3 Kf6 43. h4 Rb8 44. Kf3 Rb7 45. g4 fxg4+ 46.
Kxg4 Rg7+ 47. Kf3 Rb7 48. Ke4 Rb5 49. Kd3 Rf5 50. h5 Kg5 51. h6 Kxh6 52. Rc6
Re5 53. Rb6 Kg5 54. Rxb4 Rc5 55. Re4 Kf5 56. c4 Rc8 57. b4 Rd8+ 58. Rd4 Ra8 59.
c5 e5 60. Rd5 Kf4 61. Rd7 e4+ 62. Kd4 Re8 63. Rf7+ Kg3 64. Rf1 e3 65. c6 e2 66.
Re1 Kf2 67. Rxe2+ Kxe2 68. b5 Rc8 69. Kc5 Kd3 70. b6 Ke4 71. b7 Rb8 72. Kb6 Rf8
73. c7 1-0

[Event "Brasileiro de Jovens 2012 - Absoluto"]
[Site "Sao Paulo"]
[Date "2012.02.18"]
[Round "2.2"]
[White "Vizzotto, Bernardo"]
[Black "Quintiliano Pinto, Renato R"]
[Result "1/2-1/2"]
[WhiteElo "1991"]
[BlackElo "2263"]
[PlyCount "78"]
[EventDate "2012.02.18"]

1. d4 d5 2. c4 e6 3. cxd5 exd5 4. Nc3 c6 5. Nf3 Bf5 6. Bg5 Be7 7. Bxe7 Qxe7 8.
e3 Nd7 9. Bd3 Bxd3 10. Qxd3 Ngf6 11. Nd2 O-O 12. O-O Rae8 13. b4 Ne4 14. Ncxe4
dxe4 15. Qb3 Kh8 16. Nc4 f5 17. g3 Rf6 18. Rac1 Rh6 19. f4 exf3 20. Rxf3 Qf7
21. Qc2 Rf6 22. Rcf1 Re4 23. Nd6 Rxd6 24. Qxe4 g6 25. Qh4 Qf6 26. Qh6 Qg7 27.
Qf4 Re6 28. h3 h5 29. Rc1 Kh7 30. b5 c5 31. dxc5 Ne5 32. c6 bxc6 33. bxc6 Nxc6
34. Rf2 Qe7 35. Rfc2 Qd7 36. Qf3 Ne5 37. Qf4 Nc6 38. Qf3 Ne5 39. Qf4 Nc6
1/2-1/2

[Event "Brasileiro de Jovens 2012 - Absoluto"]
[Site "Sao Paulo"]
[Date "2012.02.18"]
[Round "2.3"]
[White "Feliciano Ebert, Vanessa"]
[Black "Gotz, Klaus Seiji Furucho"]
[Result "1/2-1/2"]
[WhiteElo "2194"]
[BlackElo "1929"]
[PlyCount "186"]
[EventDate "2012.02.18"]

1. d4 Nf6 2. c4 g6 3. Nc3 Bg7 4. e4 d6 5. f4 O-O 6. Nf3 Na6 7. Be2 e5 8. fxe5
dxe5 9. d5 Nc5 10. Qc2 a5 11. O-O Ne8 12. Be3 Qe7 13. b3 f5 14. a3 Nf6 15. Nd2
Ncxe4 16. Ndxe4 Nxe4 17. Nxe4 fxe4 18. Rxf8+ Qxf8 19. c5 Bf5 20. g4 Bd7 21.
Qxe4 Rd8 22. Bc4 Kh8 23. b4 Qe7 24. Rf1 axb4 25. axb4 Rf8 26. Rxf8+ Qxf8 27. b5
Qe7 28. d6 cxd6 29. Qd5 Qe8 30. cxd6 Bxg4 31. Qxb7 Bh3 32. b6 e4 33. Qd5 Qc8
34. Qxe4 Bf5 35. Qd5 Bh3 36. d7 Bxd7 37. b7 Qe8 38. b8=Q Qxb8 39. Qxd7 Qb1+ 40.
Bf1 Qb4 41. Kf2 Qh4+ 42. Kg1 Qb4 43. Bd3 Qe1+ 44. Kg2 Qb4 45. Kf3 Qa3 46. h4
Qf8+ 47. Ke2 Qb4 48. h5 gxh5 49. Qe8+ Qf8 50. Qxh5 Qg8 51. Qf5 Qa2+ 52. Kd1
Qb3+ 53. Bc2 Qg8 54. Kd2 Qd8+ 55. Bd3 Qg8 56. Kc1 Ba1 57. Qe4 Bg7 58. Bc4 Qd8
59. Kc2 Qd6 60. Qe8+ Qf8 61. Qe6 Qd8 62. Bf4 Qf8 63. Be5 Qf2+ 64. Kb3 Qf3+ 65.
Kb4 Qb7+ 66. Kc5 Qa7+ 67. Kd5 Qa5+ 68. Kc6 Qa8+ 69. Kb6 Qd8+ 70. Kb7 Qf8 71.
Bd6 Qd8 72. Be7 Qe8 73. Ka7 Qa4+ 74. Kb8 Qe8+ 75. Kb7 h6 76. Qd6 Kh7 77. Bd3+
Kh8 78. Qe6 Qg8 79. Qg6 Qd5+ 80. Kc8 Qg8+ 81. Kd7 Qd5+ 82. Bd6 Qb7+ 83. Ke6
Qc8+ 84. Kd5 Qb7+ 85. Kc5 Qc8+ 86. Kd5 Qb7+ 87. Kc5 Qc8+ 88. Kb4 Qb7+ 89. Bb5
Qc8 90. Bc5 Qb8 91. Bd6 Qc8 92. Qe4 Qc3+ 93. Ka4 Qd4+ 1/2-1/2

[Event "Brasileiro de Jovens 2012 - Absoluto"]
[Site "Sao Paulo"]
[Date "2012.02.18"]
[Round "2.4"]
[White "Pereira, Amanda Marques"]
[Black "Mendonca, Mateus Nakajo"]
[Result "1-0"]
[WhiteElo "1981"]
[BlackElo "2158"]
[PlyCount "81"]
[EventDate "2012.02.18"]

1. e4 c5 2. Nf3 e6 3. d4 cxd4 4. Nxd4 Nc6 5. Nc3 d6 6. Be3 Nf6 7. f3 Be7 8. Qd2
a6 9. g4 Qc7 10. g5 Nd7 11. O-O-O b5 12. h4 Nc5 13. h5 b4 14. Nce2 Rb8 15. Nxc6
Qxc6 16. Nd4 Qc7 17. Kb1 Bd7 18. Qg2 Na4 19. Bd3 e5 20. Ne2 Nc3+ 21. Nxc3 bxc3
22. b3 Be6 23. g6 Bf6 24. gxh7 a5 25. Qe2 Ke7 26. Bb5 a4 27. Bxa4 Bc4 28. Qe1
Rb4 29. Qxc3 Rxa4 30. Kc1 Rxa2 31. Qxc4 Qd7 32. Bc5 Ke8 33. Kb1 Ra5 34. Rxd6
Qb7 35. Bb6 Ra8 36. Rhd1 Be7 37. Qb5+ Kf8 38. Rd7 Qb8 39. Rxe7 Kxe7 40. Qd7+
Kf6 41. Qf5+ 1-0

[Event "Brasileiro de Jovens 2012 - Absoluto"]
[Site "Sao Paulo"]
[Date "2012.02.18"]
[Round "2.5"]
[White "Poeta, Caio Medeiros"]
[Black "Mandetta, Joao Danilo"]
[Result "1/2-1/2"]
[WhiteElo "1931"]
[BlackElo "2141"]
[PlyCount "51"]
[EventDate "2012.02.18"]

1. d4 Nf6 2. c4 c5 3. Nf3 cxd4 4. Nxd4 b6 5. Nc3 Bb7 6. b3 d6 7. Qc2 e6 8. e4
Be7 9. g3 a6 10. Bg2 Nbd7 11. O-O Qc7 12. Bb2 Rc8 13. Rac1 O-O 14. Rfd1 Qb8 15.
Qe2 Rfe8 16. f4 Bf8 17. Nc2 Qa8 18. Re1 d5 19. e5 Bc5+ 20. Kh1 d4 21. Ne4 Nxe4
22. Bxe4 Bxe4+ 23. Qxe4 d3 24. Qxa8 Rxa8 25. Red1 Nxe5 26. Bxe5 1/2-1/2

[Event "Brasileiro de Jovens 2012 - Absoluto"]
[Site "Sao Paulo"]
[Date "2012.02.18"]
[Round "2.6"]
[White "Rodrigues, Tiago Pereira"]
[Black "Roverso, Leandro"]
[Result "1-0"]
[WhiteElo "2119"]
[BlackElo "1913"]
[PlyCount "61"]
[EventDate "2012.02.18"]

1. e4 c5 2. Nc3 Nc6 3. f4 Rb8 4. Nf3 e6 5. g3 d5 6. d3 d4 7. Nb1 b5 8. Nbd2 Nf6
9. h3 Be7 10. Bg2 Bb7 11. O-O O-O 12. Rf2 c4 13. Nf1 Qc7 14. g4 Rfd8 15. Ng3
Ne8 16. g5 f6 17. h4 Nd6 18. Bh3 Bc8 19. gxf6 gxf6 20. Kh1 Kh8 21. Nh5 Nf7 22.
Rg2 e5 23. Bxc8 Rbxc8 24. Rg7 Rf8 25. Qe2 Qd7 26. f5 Qe8 27. Bd2 Rg8 28. Rag1
Rxg7 29. Nxg7 Qd7 30. Ne6 Ncd8 31. Qg2 1-0

[Event "Brasileiro de Jovens 2012 - Absoluto"]
[Site "Sao Paulo"]
[Date "2012.02.18"]
[Round "2.7"]
[White "Ferreira, Marcone Fiuza"]
[Black "Pirola, Claudionor Alcides"]
[Result "0-1"]
[WhiteElo "1927"]
[BlackElo "2101"]
[PlyCount "74"]
[EventDate "2012.02.18"]

1. e4 c5 2. d4 cxd4 3. c3 dxc3 4. Nxc3 Nc6 5. Nf3 d6 6. Bc4 e6 7. O-O Be7 8.
Qe2 a6 9. Rd1 Qc7 10. Bf4 Nf6 11. h3 O-O 12. Rac1 Rd8 13. Bb3 Qa5 14. Rd2 Nh5
15. Be3 Nf6 16. Na4 Nd7 17. g4 b5 18. Nb6 Nxb6 19. Rxc6 Nd7 20. Bg5 {(=)} Nf6
21. Rdc2 Bd7 22. Bd2 b4 23. Rc7 Qb6 24. Be3 Qb8 25. e5 Ne8 26. exd6 Bxd6 27.
Rxd7 Rxd7 28. Ng5 Re7 29. Qd3 Nf6 30. Rc6 Bf4 31. Bc5 Rd7 32. Qc4 Bxg5 33. Bxb4
Nd5 34. Ba5 h6 35. Bc2 Ne3 36. fxe3 Qg3+ 37. Kf1 Qf3+ 0-1

[Event "Brasileiro de Jovens 2012 - Absoluto"]
[Site "Sao Paulo"]
[Date "2012.02.18"]
[Round "2.8"]
[White "Pinto, Rendrex Lopes"]
[Black "Barbosa, Fernando"]
[Result "1/2-1/2"]
[WhiteElo "1890"]
[BlackElo "2086"]
[PlyCount "41"]
[EventDate "2012.02.18"]

1. Nf3 Nf6 2. b3 g6 3. Bb2 Bg7 4. d4 d5 5. Nbd2 O-O 6. g3 c6 7. Bg2 Bg4 8. h3
Bxf3 9. Nxf3 Nbd7 10. O-O Ne4 11. e3 Rc8 12. Nd2 Nxd2 13. Qxd2 e6 14. c4 Nf6
15. Rfd1 Re8 16. Rac1 Qd7 17. Rc2 Bf8 18. Rdc1 h5 19. Qd3 Rcd8 20. c5 Qc8 21.
f4 1/2-1/2